000 00980na a2200289 4500
001 18111
003 MIRAKIL
005 20181213155250.0
008 161111b tu 000 0
020 _a9786053992851
035 _a18111
040 _aMilas
_btur
_cTR-AnCHP
041 _atur
082 _a302.2308
_bS23 2013
090 _a302.2308 S23 2013
245 _aSahanın sesleri
_biletişim araştırmalarında etnografik yöntem
_cDerleyen Hakan Ergül ; yayına hazırlayan Fahri Aral.
246 _aİletişim araştırmalarında etnografik yöntem
260 _aİstanbul
_bİstanbul Bilgi Üniversitesi Yayınları
_c2013
300 _axvii, 343 s.
_bfotğ.
_c25 sm.
440 _aİstanbul Bilgi Üniversitesi yayınları
_v421.
490 _aSosyoloji
_v16
504 _aKaynakça ve dizin var.
650 _aİletişim
_xAraştırma yöntemleri
_yEtnografik yöntemler
650 _aEtnoloji
_xİletişim
700 _aErgül, Hakan
942 _2ddc
_cBKS
999 _c9540
_d9540